00480nam a2200193Ia 4500008004100000020001800041050001400059100002000073245002400093245002300117260001500140260002200155260000900177300001500186300002700201300001000228300004000238500000800278170918s9999 xx 000 0 und d a9780531214459 bB421 2009 aBehrens, Janice aLet's vote on it! / cby Janice Behrens. aNew York : bChildren's Press, c2009 a24 pages : bcolored illustration ; c20cm. eScholastic news nonfiction readers. a440